[Event "Hanoi GM2 03"]
[Site "Hanoi"]
[Date "2024.03.20"]
[Round "8"]
[White "Tran, Dang Minh Quang"]
[Black "Setyaki, Azarya Jodi"]
[Result "1-0"]
[WhiteElo "2269"]
[BlackElo "2389"]
[PlyCount "53"]
[EventDate "2024.03.19"]
[EventType "tourn"]
[EventRounds "9"]
[EventCountry "VIE"]
[SourceTitle "CB13_2024"]
[SourceDate "2024.03.27"]
[SourceVersion "1"]
[SourceVersionDate "2024.03.27"]
[SourceQuality "1"]

1. c4 e6 2. g3 d5 3. Bg2 c5 4. Nf3 Nc6 5. 0-0 d4 6. e3 Nf6 7. exd4 cxd4 8. d3 h6 9. Na3 Bc5 10. Nc2 0-0 11. Re1 Nd7 12. Rb1 a5 13. b3 e5 14. a3 Re8 15. b4 axb4 16. axb4 Bd6 17. c5 Bc7 18. Nd2 Nf6 19. b5 Ne7 20. b6 Bb8 21. c6 Nxc6 22. Bxc6 bxc6 23. b7 Bxb7 24. Rxb7 Nd5 25. Qf3 Bc7 26. Nc4 Qc8 27. Nd6 1-0

[Event "Hanoi IM-B"]
[Site "Hanoi"]
[Date "2023.05.31"]
[Round "4"]
[White "Priyanka, Nutakki"]
[Black "Tran, Dang Minh Quang"]
[Result "0-1"]
[WhiteElo "2345"]
[BlackElo "2185"]
[PlyCount "100"]
[EventDate "2023.05.30"]
[EventType "tourn"]
[EventRounds "9"]
[EventCountry "VIE"]
[SourceTitle "EXT 2024"]
[Source "ChessBase"]
[SourceDate "2023.10.10"]
[SourceVersion "1"]
[SourceVersionDate "2023.10.10"]
[SourceQuality "1"]

1. d4 d5 2. Nf3 Nf6 3. c4 c6 4. e3 e6 5. Nc3 Nbd7 6. Be2 Be7 7. 0-0 0-0 8. b3 b6 9. Bb2 Bb7 10. Rc1 Rc8 11. Qd3 Bd6 12. e4 dxe4 13. Nxe4 Nxe4 14. Qxe4 Nf6 15. Qh4 c5 16. dxc5 Bxc5 17. Rcd1 Qe7 18. Ne5 Rfd8 19. Bd3 h6 20. Rfe1 a5 21. Re2 Kf8 22. Rde1 Nd7 23. Qh3 Nxe5 24. Rxe5 Qf6 25. Rxc5 Qxb2 26. Rxc8 Bxc8 27. Qe3 Qd4 28. Bc2 Qxe3 29. Rxe3 Bb7 30. Kf1 Ke7 31. Ke2 Rd4 32. g3 Kd6 33. h4 e5 34. Rc3 Kc5 35. a3 f6 36. Ke3 Bc6 37. Bd3 g5 38. h5 Bd7 39. Rc1 f5 40. f3 f4+ 41. gxf4 exf4+ 42. Ke2 g4 43. Bg6 g3 44. Bf7 Bf5 45. Bg6 Bxg6 46. hxg6 Rd6 47. g7 Rg6 48. Rh1 Rxg7 49. Rh5+ Rg5 50. Rh1 h5 0-1

[Event "Hanoi IM"]
[Site "Hanoi"]
[Date "2023.05.25"]
[Round "7"]
[White "Priyanka, Nutakki"]
[Black "Tran, Dang Minh Quang"]
[Result "1-0"]
[WhiteElo "2345"]
[BlackElo "2185"]
[PlyCount "99"]
[EventDate "2023.05.22"]
[EventType "tourn"]
[EventRounds "9"]
[EventCountry "VIE"]
[EventCategory "2"]
[SourceTitle "CBM 214 Extra"]
[Source "ChessBase"]
[SourceDate "2023.07.31"]
[SourceVersion "1"]
[SourceVersionDate "2023.07.31"]
[SourceQuality "1"]

1. Nf3 Nf6 2. c4 c6 3. d4 d5 4. e3 e6 5. Nc3 Nbd7 6. Be2 Be7 7. 0-0 0-0 8. b3 b6 9. Bb2 Bb7 10. Bd3 Rc8 11. Rc1 dxc4 12. bxc4 c5 13. d5 exd5 14. cxd5 Nxd5 15. Nxd5 Bxd5 16. Bxh7+ Kxh7 17. Qxd5 Bf6 18. Qf5+ g6 19. Qh3+ Kg7 20. Bxf6+ Nxf6 21. Qg3 Qe7 22. a4 Rfd8 23. Rc4 Rd5 24. Re1 Rcd8 25. h3 Rd1 26. Rc1 Rxe1+ 27. Rxe1 c4 28. Rc1 Rc8 29. Nd4 Qd7 30. Qf4 Rc5 31. Nb5 a6 32. Nc3 Qd2 33. Qxf6+ Kxf6 34. Ne4+ Ke5 35. Nxd2 b5 36. axb5 axb5 37. Kf1 Kd5 38. Ke2 b4 39. Rb1 Rb5 40. Nf3 Kc5 41. Nd2 c3 42. Ne4+ Kc6 43. Kd3 Rd5+ 44. Kc2 f5 45. Nxc3 bxc3 46. Kxc3 Ra5 47. Rb2 Kd5 48. Kd3 Ra4 49. g3 Ra6 50. Ke2 1-0

[Event "Hanoi IM"]
[Site "Hanoi"]
[Date "2023.05.24"]
[Round "5"]
[White "Dinh, Nho Kiet"]
[Black "Tran, Dang Minh Quang"]
[Result "1-0"]
[WhiteElo "2209"]
[BlackElo "2185"]
[PlyCount "121"]
[EventDate "2023.05.22"]
[EventType "tourn"]
[EventRounds "9"]
[EventCountry "VIE"]
[EventCategory "2"]
[SourceTitle "CBM 214 Extra"]
[Source "ChessBase"]
[SourceDate "2023.07.31"]
[SourceVersion "1"]
[SourceVersionDate "2023.07.31"]
[SourceQuality "1"]

1. d4 Nf6 2. c4 e6 3. Nc3 Bb4 4. e3 0-0 5. Nge2 Re8 6. a3 Bf8 7. Ng3 d5 8. Be2 b6 9. 0-0 Bb7 10. b4 Nbd7 11. Bb2 c5 12. cxd5 Nxd5 13. Nxd5 Bxd5 14. e4 Bb7 15. dxc5 bxc5 16. Bb5 Re7 17. Qg4 Qc7 18. Rac1 Ne5 19. Qh5 Ng6 20. Qxc5 Qxc5 21. Rxc5 a6 22. Ba4 Rd8 23. Bc1 Red7 24. Rc3 Rd3 25. Rc7 Rb8 26. Re1 Bd6 27. Rc4 Bf4 28. Bc2 Rdd8 29. Bxf4 Nxf4 30. Rd1 Rdc8 31. Bb3 g5 32. f3 Rxc4 33. Bxc4 Rc8 34. Bf1 Kf8 35. Ne2 Ke7 36. Nxf4 gxf4 37. e5 Rc3 38. a4 Bc6 39. a5 Rb3 40. Bxa6 Rxb4 41. Ra1 Kd7 42. Bd3 h6 43. a6 Rb8 44. a7 Ra8 45. Be4 Bxe4 46. fxe4 Ke7 47. Kf2 f6 48. exf6+ Kxf6 49. Ra6 Kg5 50. Ra5+ Kg4 51. e5 h5 52. Ra4 Kf5 53. Kf3 Kxe5 54. Ra5+ Kd4 55. Kxf4 h4 56. Ra4+ Kd5 57. Ke3 Ke5 58. Ra5+ Kf6 59. Ke4 Kf7 60. Ke5 Ke7 61. Ra4 1-0

[Event "Hanoi 08"]
[Site "Hanoi"]
[Date "2022.08.01"]
[Round "1"]
[White "Nay, Oo Kyaw Tun"]
[Black "Tran, Dang Minh Quang"]
[Result "1/2-1/2"]
[WhiteElo "2365"]
[BlackElo "2042"]
[PlyCount "128"]
[EventDate "2022.08.01"]
[EventType "tourn"]
[EventRounds "9"]
[EventCountry "VIE"]
[SourceTitle "EXT 2023"]
[Source "ChessBase"]
[SourceDate "2022.10.05"]
[SourceVersion "1"]
[SourceVersionDate "2022.10.05"]
[SourceQuality "1"]

1. d4 d5 2. Nf3 Nf6 3. Bf4 e6 4. e3 Bd6 5. Nbd2 0-0 6. Bd3 c5 7. c3 Qc7 8. Bxd6 Qxd6 9. Ne5 b6 10. Qe2 a5 11. f4 Ba6 12. 0-0 Ne4 13. Nxe4 dxe4 14. Bxa6 Nxa6 15. Rfd1 Qe7 16. Qb5 cxd4 17. Rxd4 Nc7 18. Qe2 f5 19. Rad1 Nd5 20. c4 Nf6 21. g4 fxg4 22. Nxg4 Rad8 23. Nxf6+ Qxf6 24. Qg4 Rxd4 25. Rxd4 e5 26. Rxe4 exf4 27. Rxf4 Qe7 28. Rxf8+ Kxf8 29. Qf4+ Kg8 30. Qb8+ Kf7 31. Qxb6 Qg5+ 32. Kh1 Qf5 33. Qc7+ Ke8 34. Qb8+ Ke7 35. Qb7+ Kf6 36. Qc6+ Ke7 37. Qc7+ Ke8 38. Kg2 Qc2+ 39. Kf3 Qxb2 40. Qc6+ Ke7 41. Qe4+ Kf7 42. Qf5+ Ke7 43. Qxh7 Qf6+ 44. Ke4 Qe6+ 45. Kd3 Qd6+ 46. Ke2 Qe5 47. Qh4+ g5 48. Qg3 Qb2+ 49. Kf3 Qxa2 50. Qxg5+ Kd6 51. Qd5+ Kc7 52. Qc5+ Kb7 53. Qb5+ Kc7 54. c5 a4 55. Qb6+ Kc8 56. Qc6+ Kb8 57. Qd6+ Kc8 58. c6 Qf7+ 59. Ke4 Qc4+ 60. Ke5 Qc3+ 61. Kf5 Qg7 62. Ke4 Qg4+ 63. Ke5 Qh5+ 64. Ke4 Qg4+ 1/2-1/2

[Event "Hanoi 07"]
[Site "Hanoi"]
[Date "2022.07.29"]
[Round "7"]
[White "Nguyen, Van Huy"]
[Black "Tran, Dang Minh Quang"]
[Result "1-0"]
[WhiteElo "2353"]
[BlackElo "2083"]
[PlyCount "123"]
[EventDate "2022.07.26"]
[EventType "tourn"]
[EventRounds "9"]
[EventCountry "VIE"]
[SourceTitle "EXT 2023"]
[Source "ChessBase"]
[SourceDate "2022.10.05"]
[SourceVersion "1"]
[SourceVersionDate "2022.10.05"]
[SourceQuality "1"]

1. d4 d5 2. Nf3 Nf6 3. c4 c6 4. Qb3 dxc4 5. Qxc4 Bf5 6. g3 e6 7. Bg2 Nbd7 8. 0-0 Be7 9. e3 0-0 10. Rd1 Qc7 11. Nc3 Rad8 12. Qe2 e5 13. h3 Rfe8 14. e4 Bg6 15. dxe5 Nxe5 16. Bf4 Nxf3+ 17. Bxf3 Qa5 18. Rxd8 Bxd8 19. Rd1 Bc7 20. Bxc7 Qxc7 21. Qc4 Qb6 22. b4 a5 23. a3 h6 24. Bg2 h5 25. Qd4 Qxd4 26. Rxd4 axb4 27. axb4 Re7 28. f4 Nd7 29. Kf2 f6 30. h4 Nb6 31. Rd8+ Re8 32. Rxe8+ Bxe8 33. Ke3 Kf8 34. Kd4 Ke7 35. e5 Na8 36. Ne4 b6 37. Nd6 Bd7 38. Bf3 g6 39. Nc4 f5 40. Kc3 Be8 41. Nd6 Nc7 42. Nc8+ Kd8 43. Nxb6 Nb5+ 44. Kd3 Kc7 45. Na4 Bf7 46. Nc5 Ba2 47. Bd1 Kd8 48. Ba4 Na7 49. Kd4 Ke7 50. Nb7 Kd7 51. Nd6 Kc7 52. Kc5 Be6 53. Bd1 Bd5 54. Be2 Be6 55. Bc4 Bxc4 56. Kxc4 Kd7 57. Kc5 Kc7 58. Kc4 Kd7 59. Kd4 Kd8 60. Kc5 Kc7 61. e6 Kd8 62. Kb6 1-0

[Event "VIE-ch U17"]
[Site "Ho Chi Minh City"]
[Date "2022.07.14"]
[Round "6"]
[White "Tran, Dang Minh Quang"]
[Black "Pham, Cong Minh"]
[Result "1-0"]
[WhiteElo "2276"]
[BlackElo "2275"]
[PlyCount "53"]
[EventDate "2022.07.11"]
[EventType "swiss"]
[EventRounds "9"]
[EventCountry "VIE"]
[SourceTitle "EXT 2023"]
[Source "ChessBase"]
[SourceDate "2022.10.05"]
[SourceVersion "1"]
[SourceVersionDate "2022.10.05"]
[SourceQuality "1"]

1. d4 f5 2. c4 Nf6 3. Nc3 e6 4. Nf3 Bb4 5. Qb3 c5 6. Bd2 0-0 7. e3 b6 8. a3 Bxc3 9. Bxc3 Ne4 10. Be2 d6 11. Rd1 Qe7 12. Nd2 Nxc3 13. Qxc3 e5 14. dxe5 dxe5 15. 0-0 Bb7 16. b4 Na6 17. Rb1 Rf6 18. Rfd1 Rd6 19. b5 Nc7 20. a4 a5 21. bxa6 Nxa6 22. a5 Nb4 23. axb6 Rxb6 24. Nf3 Ra2 25. Qxe5 Re6 26. Rd8+ Kf7 27. Qxf5+ 1-0

[Event "VIE-ch U17"]
[Site "Ho Chi Minh City"]
[Date "2022.07.13"]
[Round "4"]
[White "Tran, Dang Minh Quang"]
[Black "Dang, Hoang Quy Nhan"]
[Result "1/2-1/2"]
[WhiteElo "2276"]
[BlackElo "2274"]
[PlyCount "81"]
[EventDate "2022.07.11"]
[EventType "swiss"]
[EventRounds "9"]
[EventCountry "VIE"]
[SourceTitle "EXT 2023"]
[Source "ChessBase"]
[SourceDate "2022.10.05"]
[SourceVersion "1"]
[SourceVersionDate "2022.10.05"]
[SourceQuality "1"]

1. d4 d5 2. Bf4 Bf5 3. e3 e6 4. c4 Bxb1 5. Qa4+ Nc6 6. Rxb1 Bb4+ 7. Kd1 Bd6 8. cxd5 exd5 9. Nh3 Nge7 10. Bd3 0-0 11. Ke2 Nb4 12. Rhd1 Nxd3 13. Rxd3 Bxf4 14. Nxf4 Qd6 15. Qa3 Qd7 16. Kf1 Ng6 17. Ne2 c6 18. Rd2 f5 19. g3 Rae8 20. Qd3 a6 21. b4 Rf6 22. Kg1 Nf8 23. h4 h6 24. Kg2 g5 25. hxg5 hxg5 26. Rh1 Qe7 27. Rh5 Rf7 28. Rd1 Nh7 29. Rdh1 Qe4+ 30. Qxe4 fxe4 31. Ng1 Ref8 32. Nh3 Rg7 33. a4 Rf6 34. Rc1 Rfg6 35. Ng1 Nf6 36. Rh1 Ng4 37. Rc2 Rf7 38. Rh5 Nf6 39. Rh1 Ng4 40. b5 axb5 41. axb5 1/2-1/2

[Event "VIE-ch U17"]
[Site "Ho Chi Minh City"]
[Date "2022.07.12"]
[Round "2"]
[White "Tran, Quoc Phu"]
[Black "Tran, Dang Minh Quang"]
[Result "0-1"]
[WhiteElo "2273"]
[BlackElo "2276"]
[PlyCount "98"]
[EventDate "2022.07.11"]
[EventType "swiss"]
[EventRounds "9"]
[EventCountry "VIE"]
[SourceTitle "EXT 2023"]
[Source "ChessBase"]
[SourceDate "2022.10.05"]
[SourceVersion "1"]
[SourceVersionDate "2022.10.05"]
[SourceQuality "1"]

1. e4 c5 2. Nf3 e6 3. c4 Nc6 4. Nc3 Nf6 5. Be2 Qc7 6. 0-0 a6 7. b3 Nd4 8. Bb2 Bd6 9. g3 Nxf3+ 10. Bxf3 Be5 11. Qc2 b6 12. Rad1 Bb7 13. d3 h5 14. Ne2 h4 15. d4 cxd4 16. Bxd4 Bxd4 17. Rxd4 Qe5 18. Rfd1 Rc8 19. Qd3 Bc6 20. Nc3 0-0 21. Bg2 Qc5 22. Qe2 e5 23. R4d3 b5 24. cxb5 axb5 25. Bh3 b4 26. Nd5 Nxd5 27. exd5 Bb5 28. Qxe5 Bxd3 29. Rxd3 Rfe8 30. Qh5 Re1+ 31. Kg2 Qe7 32. d6 Qe4+ 33. Qf3 Qxf3+ 34. Rxf3 hxg3 35. hxg3 Rd1 36. Bxd7 Rb8 37. Bf5 Rxd6 38. Bd3 Ra8 39. Bc4 Ra7 40. Rf5 Rb6 41. Kf3 g6 42. Re5 Rxa2 43. Ke3 Rb7 44. f3 Rc2 45. Kd4 Rc3 46. Bd5 Rd7 47. Re8+ Kg7 48. Ke4 Rc1 49. Ke5 Rc5 0-1

[Event "Hanoi FM Rating 04"]
[Site "Hanoi"]
[Date "2022.04.11"]
[Round "7"]
[White "Banh, Gia Huy"]
[Black "Tran, Dang Minh Quang"]
[Result "1/2-1/2"]
[WhiteElo "1949"]
[BlackElo "2115"]
[PlyCount "99"]
[EventDate "2022.04.08"]
[EventType "swiss"]
[EventRounds "7"]
[EventCountry "VIE"]
[SourceTitle "EXT 2023"]
[Source "ChessBase"]
[SourceDate "2022.10.05"]
[SourceVersion "1"]
[SourceVersionDate "2022.10.05"]
[SourceQuality "1"]

1. e4 c5 2. Nf3 e6 3. b3 Nc6 4. Bb2 d6 5. d4 cxd4 6. Nxd4 Bd7 7. c4 Nf6 8. Nc3 Be7 9. Be2 a6 10. 0-0 0-0 11. Qd2 Qa5 12. Rfd1 Nxd4 13. Qxd4 Bc6 14. a3 Qc5 15. Bf3 Qxd4 16. Rxd4 b5 17. cxb5 axb5 18. Rad1 Rfc8 19. h3 Rab8 20. Kh2 g5 21. Be2 d5 22. exd5 Nxd5 23. Nxd5 Bxd5 24. b4 Bd6+ 25. Kg1 h6 26. R4d3 Rc2 27. R3d2 Rc7 28. Rd3 Rbc8 29. Bf3 Bxf3 30. Rxf3 Be7 31. Be5 Rc1 32. Rfd3 f6 33. Bg3 Kf7 34. Kh2 Rxd1 35. Rxd1 Rc3 36. Rd7 e5 37. Rb7 Rxa3 38. Rxb5 Rb3 39. f3 Rxb4 40. Rxb4 Bxb4 41. Bf2 f5 42. Kg1 Ke6 43. Kf1 Kd5 44. Ke2 Bc3 45. Bb6 Bb2 46. Bd8 Bc1 47. g4 Ke6 48. gxf5+ Kxf5 49. Kf2 Kf4 50. Kg2 1/2-1/2

[Event "Eastern Asia-ch U16"]
[Site "Tornelo INT"]
[Date "2021.10.31"]
[Round "7"]
[White "De Silva, LMST"]
[Black "Tran, Dang Minh Quang"]
[Result "1-0"]
[WhiteElo "1744"]
[BlackElo "1837"]
[PlyCount "67"]
[EventDate "2021.10.29"]
[EventType "swiss"]
[EventRounds "9"]
[EventCountry "NET"]
[SourceTitle "CBM 205 Extra"]
[Source "ChessBase"]
[SourceDate "2022.01.31"]
[SourceVersion "1"]
[SourceVersionDate "2022.01.31"]
[SourceQuality "1"]

1. Nf3 d5 2. b3 Bf5 3. Bb2 e6 4. e3 Nf6 5. c4 c6 6. Nc3 Nbd7 7. d4 Bd6 8. Bd3 Bg6 9. 0-0 Qe7 10. Re1 Ne4 11. Ne2 0-0 12. Nf4 Bxf4 13. exf4 Rfd8 14. Ne5 Ndf6 15. c5 Nd7 16. f3 Nef6 17. f5 Bxf5 18. Bxf5 exf5 19. Nxc6 Qf8 20. Nxd8 Qxd8 21. b4 a6 22. a4 Nf8 23. Qc2 Qd7 24. Qd3 Ne6 25. Qxf5 Nxc5 26. Qxd7 Ncxd7 27. b5 Nb6 28. Re7 Nc4 29. Bc3 b6 30. Rb7 h6 31. a5 Nd6 32. bxa6 b5 33. Bb4 Nc8 34. Bc5 1-0

[Event "Eastern Asia-ch U16"]
[Site "Tornelo INT"]
[Date "2021.10.30"]
[Round "4"]
[White "Darini, Iliya"]
[Black "Tran, Dang Minh Quang"]
[Result "1-0"]
[WhiteElo "1730"]
[BlackElo "1837"]
[PlyCount "117"]
[EventDate "2021.10.29"]
[EventType "swiss"]
[EventRounds "9"]
[EventCountry "NET"]
[SourceTitle "CBM 205 Extra"]
[Source "ChessBase"]
[SourceDate "2022.01.31"]
[SourceVersion "1"]
[SourceVersionDate "2022.01.31"]
[SourceQuality "1"]

1. e4 c5 2. Nc3 Nc6 3. f4 d6 4. Nf3 Nf6 5. Bb5 e6 6. 0-0 Bd7 7. d3 a6 8. Bxc6 Bxc6 9. h3 Be7 10. Qe1 Qc7 11. Qf2 d5 12. e5 Nd7 13. Ne2 b5 14. Qg3 g6 15. c3 a5 16. d4 c4 17. b3 b4 18. f5 exf5 19. e6 Qxg3 20. exd7+ Bxd7 21. Nxg3 bxc3 22. bxc4 dxc4 23. Re1 Be6 24. Ng5 Kd7 25. Bf4 Bd5 26. Nf3 f6 27. Ne2 g5 28. Be3 f4 29. Bf2 Ba3 30. Nxc3 Bxf3 31. gxf3 Bb2 32. Na4 Bxa1 33. Nb6+ Kd6 34. Nxc4+ Kc6 35. Rxa1 Rhb8 36. d5+ Kb5 37. Nd6+ Ka4 38. Ne4 f5 39. Nc5+ Ka3 40. d6 Rd8 41. d7 Ra7 42. Rd1 Kxa2 43. Bd4 Ka3 44. Bf6 Rf8 45. Be7 Rg8 46. Ne6+ Kb2 47. Nf8 Ra8 48. d8Q Rxd8 49. Rxd8 a4 50. Rb8+ Kc2 51. Ra8 Kb3 52. Rb8+ Kc2 53. Rc8+ Kb3 54. Rd8 h5 55. Ne6 Rxd8 56. Bxd8 g4 57. Nxf4 gxh3 58. Nxh3 a3 59. Kf2 1-0

[Event "Eastern Asia-ch U16"]
[Site "Tornelo INT"]
[Date "2021.10.29"]
[Round "3"]
[White "Harshad, S."]
[Black "Tran, Dang Minh Quang"]
[Result "0-1"]
[WhiteElo "1627"]
[BlackElo "1837"]
[PlyCount "136"]
[EventDate "2021.10.29"]
[EventType "swiss"]
[EventRounds "9"]
[EventCountry "NET"]
[SourceTitle "CBM 205 Extra"]
[Source "ChessBase"]
[SourceDate "2022.01.31"]
[SourceVersion "1"]
[SourceVersionDate "2022.01.31"]
[SourceQuality "1"]

1. e4 c5 2. Nf3 e6 3. b3 Nc6 4. Bb2 d6 5. Bb5 Bd7 6. 0-0 Nf6 7. Re1 Be7 8. d4 cxd4 9. Nxd4 Nxd4 10. Bxd7+ Nxd7 11. Bxd4 0-0 12. c4 a6 13. Nc3 Rc8 14. Qd2 Qc7 15. Rad1 Rfd8 16. Qb2 Bf6 17. a4 Qa5 18. Re2 Qb4 19. Na2 Bxd4 20. Rxd4 Qb6 21. Red2 Nc5 22. b4 e5 23. a5 Qc7 24. Rd5 Nxe4 25. Rc2 Nf6 26. Rdd2 b6 27. axb6 Qxb6 28. h3 h6 29. c5 dxc5 30. Rxd8+ Rxd8 31. bxc5 Qxb2 32. Rxb2 Rc8 33. Rc2 a5 34. c6 Nd5 35. Rc5 Nb4 36. Nxb4 axb4 37. Rxe5 Rxc6 38. Rb5 Rc4 39. Kf1 Kh7 40. Ke2 Kg6 41. Kd3 Rf4 42. Ke3 Rc4 43. Kd3 Rc3+ 44. Kd2 Rb3 45. Kc2 Ra3 46. Rxb4 Ra2+ 47. Rb2 Rxb2+ 48. Kxb2 Kf5 49. Kc3 Ke4 50. Kd2 h5 51. h4 Kf4 52. Ke2 Kg4 53. g3 Kh3 54. Kf3 f6 55. Kf4 Kg2 56. g4 Kh3 57. gxh5 Kxh4 58. h6 gxh6 59. Kf5 h5 60. Kxf6 Kg4 61. Ke5 h4 62. f4 h3 63. f5 h2 64. f6 h1Q 65. Ke6 Qe4+ 66. Kd7 Qd5+ 67. Ke7 Qe5+ 68. Kf7 Kg5 0-1

[Event "Wch FIDE Online U16 Asia qual"]
[Site "Tornelo INT"]
[Date "2020.12.13"]
[Round "6"]
[White "Mortuza Mahathir, Islam"]
[Black "Tran, Dang Minh Quang"]
[Result "1-0"]
[WhiteElo "1829"]
[BlackElo "2077"]
[PlyCount "75"]
[EventDate "2020.12.11"]
[EventType "swiss (rapid)"]
[EventRounds "7"]
[EventCountry "ISS"]
[SourceTitle "EXT 2022"]
[Source "ChessBase"]
[SourceDate "2021.10.06"]
[SourceVersion "1"]
[SourceVersionDate "2021.10.06"]
[SourceQuality "1"]

1. e4 c5 2. Nc3 Nc6 3. g3 d6 4. Bg2 Nf6 5. d3 e6 6. Nge2 Be7 7. Be3 0-0 8. 0-0 Bd7 9. h3 a6 10. f4 Rc8 11. g4 Ne8 12. Ng3 b5 13. Qd2 Na5 14. g5 c4 15. f5 b4 16. Nce2 Bb5 17. Nd4 c3 18. bxc3 bxc3 19. Qf2 Bxg5 20. fxe6 Bxe3 21. Qxe3 Qb6 22. exf7+ Rxf7 23. Rxf7 Kxf7 24. Rf1+ Kg8 25. Ngf5 Rc7 26. Qg5 g6 27. Kh1 d5 28. Nh6+ Kg7 29. Ndf5+ Kh8 30. Ne7 Qe6 31. Rf8+ Kg7 32. Rg8+ Qxg8 33. Nexg8 Nc6 34. exd5 Nb4 35. Qe5+ Kf8 36. d6 Rd7 37. Ne7 Ng7 38. Qf6+ 1-0